Wordt geladen...
The Art of protest /
| Hoofdauteur: | |
|---|---|
| Gepubliceerd in: |
University of Minnesota Press,
|
| LEADER | 00255 a2200085 4500 | ||
|---|---|---|---|
| 100 | |a Reed, T. V. | ||
| 245 | |a The Art of protest / | ||
| 260 | |b University of Minnesota Press, | ||
| 999 | |c 27611 |d 27611 | ||
| 952 | |0 0 |1 0 |2 ddc |4 0 |7 -1 |9 37873 |a MAIN |b MAIN |d 2019-10-29 |r 2019-10-29 |w 2019-10-29 | ||